| 000 | 00639nam a2200217 i 4500 | ||
|---|---|---|---|
| 001 | 47592 | ||
| 003 | ES-MaACL | ||
| 005 | 20250303062540.0 | ||
| 007 | t| | ||
| 008 | 030507s1916 sp |||| | spa d | ||
| 080 | _a821.134.2-32"18" | ||
| 100 | 1 |
_aPardo Bazán, Emilia, _cCondesa de, _d1851-1921 _9176434 |
|
| 245 | 1 | 3 |
_aLa última fada _b: novela inédita / _cpor la condesa de Pardo Bazán. |
| 260 |
_aMadrid : _bLa Novela Corta, _c[1916] |
||
| 300 |
_a34 p. ; _c19 cm. |
||
| 490 | 1 |
_aLa Novela Corta ; _v46 |
|
| 830 | 0 |
_aLa Novela Corta ; _v46 _9182142 |
|
| 852 |
_aES-MaACL _jG-4948(46) |
||
| 942 | _2udc | ||
| 999 |
_c47592 _d47592 |
||